书目信息 |
| 题名: |
减法设计
|
|
| 作者: | 张远林 编著 | |
| 分册: | 餐厅 厨房 | |
| 出版信息: | 深圳 海天出版社 2004.01 |
|
| 页数: | 112页 | |
| 开本: | 25×25cm | |
| 丛书名: | 减法设计系列画册 | |
| 单 册: | ||
| 中图分类: | TU238-64 | |
| 科图分类: | ||
| 主题词: | 室内装饰--shi nei zhuang shi--图集 | |
| 电子资源: | ||
| ISBN: | 7-80697-060-6 | |
| 000 | 01019nam 2200277 450 | |
| 001 | 012007414252 | |
| 005 | 20071108150839.02 | |
| 010 | @a7-80697-060-6@dCNY68.00 | |
| 100 | @a20071108d2004 km y0chiy0120 ea | |
| 101 | 0 | @achi |
| 102 | @aCN@b440000 | |
| 105 | @aa z 000yy | |
| 106 | @ar | |
| 200 | 1 | @a减法设计@Ajian fa she ji@d= Subtraction design@i餐厅 厨房@f张远林编著@Fzhang yuan lin bian zhu@zeng |
| 210 | @a深圳@c海天出版社@d2004.01 | |
| 215 | @a112页@c图@d25×25cm | |
| 225 | 2 | @a减法设计系列画册@Ajian fa she ji xi lie hua ce |
| 330 | @a本书以“减法”的全新概念,进行餐厅、厨房设计中因地制宜地进行整体格局设计这样理念的表达,阐述从色彩、饰品等细节入手达到独特的效果、增添视觉空间的目的。 | |
| 410 | 0 | @12001 @a减法设计系列画册 |
| 510 | 1 | @aSubtraction design@zeng |
| 517 | 1 | @a餐厅 厨房@Acan ting chu fang |
| 606 | 0 | @a室内装饰@Ashi nei zhuang shi@j图集 |
| 690 | @aTU238-64@v4 | |
| 701 | 0 | @a张远林@Azhang yuan lin@4编著 |
| 801 | 0 | @aCN@b@c20071108 |
| 905 | @b266841-43@dTU238-64@eZ233@f3 | |
| 减法设计= Subtraction design.餐厅 厨房/张远林编著.-深圳:海天出版社,2004.01 |
| 112页:图;25×25cm.-(减法设计系列画册) |
| ISBN 7-80697-060-6:CNY68.00 |
| 本书以“减法”的全新概念,进行餐厅、厨房设计中因地制宜地进行整体格局设计这样理念的表达,阐述从色彩、饰品等细节入手达到独特的效果、增添视觉空间的目的。 |
| ● |
| 相关链接 |
|
|
|
正题名:减法设计
索取号:TU238-64/Z233
 
预约/预借
| 序号 | 登录号 | 条形码 | 馆藏地/架位号 | 状态 | 备注 |
| 1 | 266841 | 202668416 | 建筑库101/101建筑库 54排7列1层/ [索取号:TU238-64/Z233] | 在馆 | |
| 2 | 266842 | 202668425 | 建筑库101/101建筑库 54排7列1层/ [索取号:TU238-64/Z233] | 在馆 | |
| 3 | 266843 | 202668434 | 建筑库101/101建筑库 54排7列1层/ [索取号:TU238-64/Z233] | 在馆 |